00523nam a2200145Ia 4500008004100000100002400041245009000065245005500155260000900210300000900219650001300228856004400241999001900285952007300304170221s9999 xx 000 0 und d aFenech, Jean-Pierre aBrief Technical Note: A Markov Chain Approach to Measure Investment Rating Migrations cJean-Pierre Fenech, Ying Kai Yap, and Salwa Shafik c2014 a13 : xBusiness uhttp://ro.uow.edu.au/aabfj/vol7/iss3/9/ c313177d313177 001040aCLbCLd2017-02-21l0r2017-02-21 00:00:00w2017-02-21yFOJ